El sueño de Dalí (Record no. 1341)

MARC details
000 -LEADER
campo de control de longitud fija 00962nam a2200289Ia 4500
003 - IDENTIFICADOR DE NÚMERO DE CONTROL
campo de control CO-BoRNBP
005 - FECHA Y HORA DE LA ÚLTIMA TRANSACCIÓN
campo de control 20230909170739.0
008 - DATOS DE LONGITUD FIJA--INFORMACIÓN GENERAL
campo de control de longitud fija 141031s9999 xx 000 0 und d
020 ## - NÚMERO INTERNACIONAL ESTÁNDAR DEL LIBRO
Número Internacional Estándar del Libro 8496154947
040 ## - FUENTE DE CATALOGACIÓN
Centro catalogador/agencia de origen CO-BoRNBP
Lengua de catalogación spa
Normas de descripción rda
Centro/agencia transcriptor CO-BoRNBP
082 04 - NÚMERO DE LA CLASIFICACIÓN DECIMAL DEWEY
Número de edición 22
Número de clasificación (i) 863 A664s
100 ## - ENTRADA PRINCIPAL--NOMBRE DE PERSONA
Nombre de persona Arbat, Carles
9 (RLIN) 19377
245 ## - MENCIÓN DEL TÍTULO
Título El sueño de Dalí
245 ## - MENCIÓN DEL TÍTULO
Resto del título Texto e ilustraciones de Carles Arbat ; traductor Manel Alonso i Català
250 ## - MENCION DE EDICION
Mención de edición 2a ed.
260 ## - PUBLICACIÓN, DISTRIBUCIÓN, ETC.
Nombre del editor, distribuidor, etc. Brosquil, 2006
264 ## - PRODUCCIÓN, PUBLICACIÓN, DISTRIBUCIÓN, FABRICACIÓN Y COPYRIGHT
Producción, publicación, distribución, fabricación y copyright Barcelona
300 ## - DESCRIPCIÓN FÍSICA
Extensión 34 páginas
Otras características físicas ilustraciones
336 ## - TIPO DE CONTENIDO
Término de tipo de contenido texto
Código de tipo de contenido txt
Fuente rdacontent
337 ## - TIPO DE MEDIO
Nombre/término del tipo de medio sin mediación
Código del tipo de medio n
Fuente rdamedia
338 ## - TIPO DE SOPORTE
Nombre/término del tipo de soporte volumen
Código del tipo de soporte nc
Fuente rdacarrier
600 10 - PUNTO DE ACCESO ADICIONAL DE MATERIA--NOMBRE DE PERSONA
Nombre de persona Dali, Salvador
Subdivisión general En la literatura
Subdivisión cronológica 1904-1989
9 (RLIN) 19378
650 14 - PUNTO DE ACCESO ADICIONAL DE MATERIA--TÉRMINO DE MATERIA
Término de materia o nombre geográfico como elemento de entrada Cuentos infantiles españoles
Fuente del encabezamiento o término LEMB
9 (RLIN) 496
650 14 - PUNTO DE ACCESO ADICIONAL DE MATERIA--TÉRMINO DE MATERIA
Término de materia o nombre geográfico como elemento de entrada Literatura infantil española
Fuente del encabezamiento o término LEMB
Subdivisión cronológica Siglo XXI
9 (RLIN) 19379
700 10 - ENTRADA AGREGADA--NOMBRE PERSONAL
Nombre de persona Alonso i Catalá, Manel
Fechas asociadas al nombre 1962-
Término indicativo de función/relación traductor
9 (RLIN) 19380
942 ## - ELEMENTOS DE ENTRADA SECUNDARIOS (KOHA)
Fuente del sistema de clasificación o colocación Clasificación Decimal Dewey
Tipo de ítem Koha Libros
Holdings
Estatus retirado Estado de pérdida Fuente del sistema de clasificación o colocación Estado de daño No para préstamo Biblioteca de origen Biblioteca actual Fecha de adquisición Total de préstamos Signatura topográfica completa Código de barras Visto por última vez Copia número Precio de reemplazo Tipo de ítem Koha
    Clasificación Decimal Dewey     BIBLIOTECA PÚBLICA MUNICIPAL RAMON CORREA MEJIA BIBLIOTECA PÚBLICA MUNICIPAL RAMON CORREA MEJIA 09/09/2023   (i) 863 A664s 35318 09/09/2023 Ej.1 09/09/2023 Libros

Powered by Koha